书目信息 |
| 题名: |
体育概论
|
|
| 作者: | 杨文轩 , 杨霆 主编 | |
| 分册: | ||
| 出版信息: | 北京 高等教育出版社 2005 |
|
| 页数: | 238页 | |
| 开本: | 23cm | |
| 丛书名: | ||
| 单 册: | ||
| 中图分类: | G8 | |
| 科图分类: | ||
| 主题词: | 体育--高等学校--教材 , 体育 | |
| 电子资源: | ||
| ISBN: | 978-7-04-016963-8 | |
| 000 | 00884nam0 2200277 450 | |
| 001 | 002969239 | |
| 005 | 20070923090812.87 | |
| 010 | @a978-7-04-016963-8@dCNY19.70@z7-04-016963-0 | |
| 100 | @a20050815d2005 em y0chiy0110 ea | |
| 101 | 0 | @achi |
| 102 | @aCN@b110000 | |
| 105 | @ay z 000yy | |
| 106 | @ar | |
| 200 | 1 | @a体育概论@9ti yu gai lun@f杨文轩,杨霆主编 |
| 210 | @a北京@c高等教育出版社@d2005 | |
| 215 | @a238页@d23cm | |
| 300 | @a普通高等学校体育教育专业主干课系列教材之一 高等学校教材 | |
| 330 | @a本书围绕本科教育的教学要求,突出基本特征和基本知识。包括:体育概念、体育目的、体育手段、体育科学、体育过程、体育文化等内容。 | |
| 510 | 1 | @aSports@zeng |
| 606 | 0 | @a体育@x高等学校@j教材 |
| 606 | 0 | @a体育 |
| 690 | @aG8@v4 | |
| 701 | 0 | @a杨文轩@9yang wen xuan@f(1947~)@4主编 |
| 701 | 0 | @a杨霆@9yang ting@4主编 |
| 801 | 0 | @aCN@bNLC@c20070923 |
| 905 | @dG8@e320 | |
| 体育概论/杨文轩,杨霆主编.-北京:高等教育出版社,2005 |
| 238页;23cm |
| 普通高等学校体育教育专业主干课系列教材之一 高等学校教材 |
| ISBN 978-7-04-016963-8:CNY19.70 |
| 本书围绕本科教育的教学要求,突出基本特征和基本知识。包括:体育概念、体育目的、体育手段、体育科学、体育过程、体育文化等内容。 |
| ● |
| 相关链接 |
|
|
|
|
正题名:体育概论
索取号:G8/320
 
预约/预借
| 序号 | 登录号 | 条形码 | 馆藏地/架位号 | 状态 | 备注 |
| 1 | 0626441 | 206264415 | 第一样本阅览室/ [索取号:G8/320] | 在馆 | |
| 2 | 0626442 | 206264424 | 第四借阅区/ [索取号:G8/320] | 在馆 | |
| 3 | 0626443 | 206264433 | 第四借阅区/ [索取号:G8/320] | 在馆 | |
| 4 | 0626444 | 206264442 | 第四借阅区/ [索取号:G8/320] | 在馆 | |
| 5 | 0626445 | 206264451 | 第四借阅区/ [索取号:G8/320] | 在馆 |